000 00494nam a22001577a 4500
999 _c12809
_d12809
008 210608b ||||| |||| 00| 0 eng d
082 0 0 _a621.46
_bA557
100 _95024
_aAndreas, John C.
245 1 0 _aEnergy efficient electric motors :Selection and application /
_cby John C. Andreas /
250 _a2nd ed.
260 _aNew York:
_b Marcel Dekker,
_cc1992.
300 _ax, 272 p.
490 0 _aElectrical engineering and electronics
650 0 _aElectrical Engineering
942 _cBK